Celoživotné vzdelávanie dospelej populácie

Vzdelávanie dospelej populácie. Miera účasti dospelej populácie na celoživotnom vzdelávaní a odbornej príprave v rámci členských štátov Európskej únie za rok 2014. Formálne a neformálne vzdelávanie. Účasť dospelej populácie na formálnom a neformálnom vzdelávaní v krajinách EÚ v roku 2011.

Gespeichert in:
Bibliographische Detailangaben
1. Verfasser: Hudoková, Kristína
Format: Buchkapitel
Sprache:Slowakisch
Schlagworte:
Tags: Tag hinzufügen
Keine Tags, Fügen Sie das erste Tag hinzu!

MARC

LEADER 00000nla a2200000 4500
001 0213523
005 20240502073548.6
041 0 |a slo 
044 |a SK 
245 1 0 |a Celoživotné vzdelávanie dospelej populácie  |c Kristína Hudoková 
520 |a Vzdelávanie dospelej populácie. Miera účasti dospelej populácie na celoživotnom vzdelávaní a odbornej príprave v rámci členských štátov Európskej únie za rok 2014. Formálne a neformálne vzdelávanie. Účasť dospelej populácie na formálnom a neformálnom vzdelávaní v krajinách EÚ v roku 2011. 
610 2 0 |a vzdelávanie dospelých 
610 2 0 |a vzdelávanie celoživotné 
610 2 0 |a kvalifikácia 
610 2 0 |a Európska únia 
100 1 |a Hudoková, Kristína